| 000 | 00658nam a22002297a 4500 | ||
|---|---|---|---|
| 003 | UA-OsUOA | ||
| 001 | 50365 | ||
| 007 | ta | ||
| 008 | 20140604b un ||||| |||| 00| 0 ukr d | ||
| 090 |
_a082 _bН34 |
||
| 942 | _cBK | ||
| 040 |
_aUA-OsUOA _bukr _cUA-OsUOA _dUA-OsUOA |
||
| 245 |
_aНаука і культура. Україна _bВип. 24 |
||
| 300 | _a576 с. | ||
| 955 | _a1 | ||
| 041 | _aukr | ||
| 080 | _a082 | ||
| 260 |
_aК. _bЗнання _c1990 |
||
| 650 | 7 |
_a08 Видання. Колективні праці _2UDC |
|
| 999 |
_c430491 _d430491 |
||